LEADER 01246nam a2200301 i 4500 001 991000784359707536 005 20020507173540.0 008 970423s1973 it ||| | eng 035 $ab10756851-39ule_inst 035 $aLE01302276$9ExL 040 $aDip.to Matematica$beng 082 0 $a515.78 084 $aAMS 46-06 084 $aAMS 46-XX 084 $aAMS 46N10 110 2 $aCentro internazionale matematico estivo$0284620 245 10$aConstructive aspects of functional analysis /$ccoord. G. Geymonat 260 $aRoma :$bEdizioni Cremonese,$c1973 300 $a2 v. (853 p.) ;$c24 cm. 500 $aAt head of title: Il ciclo 1971, Erice, 27 giugno-7 luglio 1971, Coordinatore G. Germonat 650 4$aFunctional analysis$xCongresses 907 $a.b10756851$b21-09-06$c28-06-02 912 $a991000784359707536 945 $aLE013 46-XX GEY11 Pt.I (1973)$cPt. 1$g1$i2013000080444$lle013$o-$pE0.00$q-$rl$s- $t0$u0$v0$w0$x0$y.i10851252$z28-06-02 945 $aLE013 46-XX GEY11 Pt.II (1973)$cPt. 2$g1$i2013000080451$lle013$o-$pE0.00$q-$rl$s- $t0$u0$v0$w0$x0$y.i10851264$z28-06-02 996 $aConstructive aspects of functional analysis$932490 997 $aUNISALENTO 998 $ale013$b01-01-97$cm$da $e-$feng$git $h0$i2 LEADER 03732oam 2200793 c 450 001 9910563191103321 005 20250513224735.0 024 7 $a10.3726/b13827 035 $a(CKB)5450000000174060 035 $a(oapen)https://directory.doabooks.org/handle/20.500.12854/36965 035 $a(PH02)9783631752715 035 $a(oapen)doab36965 035 $a(EXLCZ)995450000000174060 100 $a20240525h20181994 uy 0 101 0 $ager 135 $aurnnunnnannuu 181 $ctxt$2rdacontent 182 $cc$2rdamedia 183 $acr$2rdacarrier 200 00$aKommunales Finanzsystem und Bevölkerungsentwicklung$eEine Analyse des kommunalen Finanzsystems vor dem Hintergrund der sich abzeichnenden Bevölkerungsentwicklung am Beispiel Niedersachsens unter besonderer Berücksichtigung des Landkreises Wolfenbüttel und seiner Gemeinden$fGrete Albers, Stefanie Miera 205 $a1st, New ed. 210 $aFrankfurt a.M$cPH02$d2018 210 $d2018, c1994 215 $a1 online resource (353 p.)$c, EPDF 225 0 $aFinanzwissenschaftliche Schriften$v60 300 $aPeter Lang GmbH, Internationaler Verlag der Wissenschaften 311 08$a3-631-75271-7 327 $aAus dem Inhalt: Positive und normative Betrachtung des kommunalen Finanzsystems - Bevo?lkerungsentwicklung und kommunale Aufgabenwahrnehmung - Bevo?lkerungsentwicklung und Gemeindeanteil an der Einkommensteuer - Bevo?lkerungsentwicklung und kommunaler Finanzausgleich - Kommunale Haushaltskonsolidierungsstrategien - Reform des kommunalen Finanzsystems. 330 $aVor dem Hintergrund der sich bis 2000/2030 abzeichnenden dramatischen Vera?nderung der demographischen Rahmenbedingungen wird das kommunale Finanzsystem am Beispiel Niedersachsens untersucht. Die Ergebnisse der qualitativen Betrachtungen der Auswirkungen auf die kommunale Aufgabenwahrnehmung und der Status-quo-Modellrechnungen deuten auf eine erhebliche Verschlechterung der kommunalen Finanzsituation hin. Weder bei der Verteilung des Gemeindeanteils an der Einkommensteuer noch im kommunalen Finanzausgleich werden die aus der Bevo?lkerungsentwicklung resultierenden Belastungen systematisch beru?cksichtigt. Durch eine sta?rkere Beru?cksichtigung des A?quivalenzprinzips sowie eine sta?rkere Aufgabenorientierung bei der Bedarfsbemessung ko?nnte die Rationalita?t des kommunalen Finanzsystems erho?ht werden. 517 $aKommunales Finanzsystem und Bevoelkerungsentwicklung 606 $aPublic administration$2bicssc 606 $aEconomic theory & philosophy$2bicssc 606 $aPolitical economy$2bicssc 606 $aEconomic systems & structures$2bicssc 610 $aabzeichnenden 610 $aAnalyse 610 $aBeispiel 610 $aBerücksichtigung 610 $abesonderer 610 $aBEVOELKERUNGSENTW 610 $aBevölkerungsentwicklung 610 $aEine 610 $aFINANZSYS 610 $aFinanzsystem 610 $aFinanzsystems 610 $aGemeinden 610 $aHintergrund 610 $akommunalen 610 $aKommunales 610 $aLandkreises 610 $aMiera 610 $aNiedersachsens 610 $aseiner 610 $asich 610 $aunter 610 $aWolfenbüttel 615 7$aPublic administration 615 7$aEconomic theory & philosophy 615 7$aPolitical economy 615 7$aEconomic systems & structures 700 $aMiera$b Stefanie$4auth$01322514 702 $aAlbers$b Grete$4edt 702 $aMiera$b Stefanie$4aut 801 0$bPH02 801 1$bPH02 906 $aBOOK 912 $a9910563191103321 996 $aKommunales Finanzsystem und Bevo?lkerungsentwicklung$94174721 997 $aUNINA